| 000 | 00992nam a2200217Ii 4500 | ||
|---|---|---|---|
| 003 | JO-AjNU | ||
| 008 | 230605s9999||||xx |||||||||||||| ||und|| | ||
| 017 | _a2013/11/3919 | ||
| 040 |
_aJO-AjNU _bara _erda _cJO-AjNU |
||
| 041 | _aara | ||
| 050 | 1 | 4 | _aDS36.88.M68 2013 |
| 100 | 3 |
_aجامعة فيلادلفيا؛ تحرير وتقديم صالح خليل أبو اصبع ... وآخرون, _eauthor _945982 |
|
| 245 | 0 | 0 | _aالفكر والادب في ثقافة التغيير: أوراق مؤتمر فيلادلفيا الدولي السابع عشر: ثقافة التغيير 6-8 تشرين الثاني(نوفمبر) 2012: بحوث علمية محكمة |
| 264 | 3 | 1 | _aعمان: جامعة فيلادلفيا، 2013 |
| 300 | _a326ص | ||
| 336 |
_atext _btxt _2rdacontent |
||
| 337 |
_aunmediated _bn _2rdamedia |
||
| 338 |
_avolume _bnc _2rdacarrier |
||
| 490 | 0 | _aمنشورات جامعة فيلادلفيا؛ 2013 | |
| 650 | 4 |
_aالثقافة العربية - مؤتمرات _945983 |
|
| 999 |
_aA19972 _c23540 _d23540 |
||